Southville International School and Colleges
Your cart is empty.
  • Cart
  • Lists
    Public lists Eva Luna New books Lux_list list_1
    Your lists Log in to create your own lists
  • Log in to your account
  • Your cookies
  • Search history
Southville International School and Colleges
  • Advanced search
  • Recent comments
  • Most popular
  • Libraries

Log in to your account

Log in with GOOGLE


If you do not have an external account, but do have a local account, you can still log in:

  1. Home
  2. MARC view: Foundations in microbiology /
Normal view MARC view ISBD view

Foundations in microbiology / (Record no. 20823)

[ view plain ]
MARC details
000 -LEADER
fixed length control field 00637nam a2200217 a 4500
005 - DATE AND TIME OF LATEST TRANSACTION
control field 20140310183254.0
008 - FIXED-LENGTH DATA ELEMENTS--GENERAL INFORMATION
fixed length control field 041019s19uu xx 00 eng d
020 ## - INTERNATIONAL STANDARD BOOK NUMBER
International Standard Book Number 0072320427
050 ## - LIBRARY OF CONGRESS CALL NUMBER
Classification number QR 41.2
Item number .T35 2002
100 ## - MAIN ENTRY--PERSONAL NAME
Personal name Talaro, Kathleen Park
245 ## - TITLE STATEMENT
Title Foundations in microbiology /
Statement of responsibility, etc Kathleen Park Talaro.
250 ## - EDITION STATEMENT
Edition statement 4th ed.
260 ## - PUBLICATION, DISTRIBUTION, ETC. (IMPRINT)
Place of publication, distribution, etc U.S.A :
Name of publisher, distributor, etc McGraw-Hill Companies, Inc,
Date of publication, distribution, etc 2002.
300 ## - PHYSICAL DESCRIPTION
Extent 834 p. :
Dimensions 28 cm.
500 ## - GENERAL NOTE
General note Includes bibliographical references and index.
650 ## - SUBJECT ADDED ENTRY--TOPICAL TERM
Topical term or geographic name as entry element Microbiology.
650 ## - SUBJECT ADDED ENTRY--TOPICAL TERM
Topical term or geographic name as entry element Medical Microbiology.
700 ## - ADDED ENTRY--PERSONAL NAME
Personal name Talaro, Arthur
942 ## - ADDED ENTRY ELEMENTS (KOHA)
Koha item type Books
Source of classification or shelving scheme Library of Congress Classification
Call number prefix Foreign
Holdings
Withdrawn status Lost status Source of classification or shelving scheme Damaged status Home library Current library Shelving location Date acquired Source of acquisition Cost, normal purchase price Total Checkouts Full call number Barcode Date last seen Date checked out Copy number Price effective from Koha item type
    Library of Congress Classification   College Library College Library General Circulation Section 10/19/2004   2925.00 1 QR 41.2 .T35 2002 C5412 05/15/2018 08/08/2016 1 10/10/2013 Books

Foundations in microbiology /

APA

Talaro K. P., Talaro A., . (2002). Foundations in microbiology. U.S.A: McGraw-Hill Companies, Inc.

Chicago

Talaro Kathleen Park, Talaro Arthur, . 2002. Foundations in microbiology. U.S.A: McGraw-Hill Companies, Inc.

Harvard

Talaro K. P., Talaro A., . (2002). Foundations in microbiology. U.S.A: McGraw-Hill Companies, Inc.

MLA

Talaro Kathleen Park, Talaro Arthur, . Foundations in microbiology. U.S.A: McGraw-Hill Companies, Inc. 2002.

  • Place hold
  • Print
  • Cite
  • Add to your cart (remove)
  • Save record
    BIBTEX Dublin Core MARCXML MARC (non-Unicode/MARC-8) MARC (Unicode/UTF-8) MARC (Unicode/UTF-8, Standard) MODS (XML) RIS
  • More searches
    Search for this title in:
    Other Libraries (WorldCat) Other Databases (Google Scholar) Online Stores (Bookfinder.com) Open Library (openlibrary.org)

Exporting to Dublin Core...

SOUTHVILLE LIBRARY

Southville International School and Colleges Library

1281 Tropical Ave. Cor. Luxembourg St., BF Homes International, Las Pinas City

Tel. No. 8256374 / 252358 Loc. 117/146

Powered by Koha